000 00792nam a2200229Ii 4500
003 JO-AjNU
008 230605s9999||||xx |||||||||||||| ||und||
017 _a21/1050
020 _a9960-645-02-9
040 _aJO-AjNU
_bara
_erda
_cJO-AjNU
041 _aara
050 1 4 _aBP173.4.A28 2000
100 3 _aابو زيد، بكر بن عبد الله,
_eauthor
_949376
245 0 0 _aحراسة الفضيلة
250 _aط6
264 3 1 _aمكة المكرمة: دار عالم الفوائد للنشر والتوزيع، 2000
300 _a175ص
336 _atext
_btxt
_2rdacontent
337 _aunmediated
_bn
_2rdamedia
338 _avolume
_bnc
_2rdacarrier
650 4 _aالمرأة في الاسلام- الاختلاط في المجتمع-الحجاب والسفور
_949377
999 _aA21683
_c25251
_d25251